The Law Reports (1984) Queen's Bench Division: and on appeal therefrom in the Court of Appeal and decisions in the Court of Appeal Criminal Division and Employment Appeal Tribunal. / (Record no. 3697)

MARC details
000 -LEADER
fixed length control field 00540nam a22001337a 4500
008 - FIXED-LENGTH DATA ELEMENTS--GENERAL INFORMATION
fixed length control field 140822b xxu||||| |||| 00| 0 eng d
050 ## - LIBRARY OF CONGRESS CALL NUMBER
Classification number KD277.7.L39(1984)
245 ## - TITLE STATEMENT
Title The Law Reports (1984) Queen's Bench Division: and on appeal therefrom in the Court of Appeal and decisions in the Court of Appeal Criminal Division and Employment Appeal Tribunal. /
Statement of responsibility, etc. edited by Carol Ellis
260 ## - PUBLICATION, DISTRIBUTION, ETC.
Place of publication, distribution, etc. London:
Name of publisher, distributor, etc. Butterworth and Co. Ltd.,
Date of publication, distribution, etc. 1984.
300 ## - PHYSICAL DESCRIPTION
Extent xx,862p.:
440 ## - SERIES STATEMENT/ADDED ENTRY--TITLE
Name of part/section of a work Queen's Bench Division
800 ## - SERIES ADDED ENTRY--PERSONAL NAME
Personal name Ellis, Carol
942 ## - ADDED ENTRY ELEMENTS (KOHA)
Source of classification or shelving scheme Library of Congress Classification
Koha item type Books
Holdings
Withdrawn status Lost status Source of classification or shelving scheme Damaged status Not for loan Home library Current library Shelving location Date acquired Total Checkouts Full call number Barcode Date last seen Price effective from Koha item type
    Library of Congress Classification     WISCONSIN INTERNATIONAL UNIVERSITY COLLEGE, GHANA - MAIN LIBRARY WISCONSIN INTERNATIONAL UNIVERSITY COLLEGE, GHANA - MAIN LIBRARY Law Library 22/08/2014   KD277.7.L39(1984) 1934/931/14 22/08/2014 22/08/2014 Books

If you have any concerns or questions; kindly contact the library


© Powered by WIUC ICT DIRECTORATE